| 000 | 01525nam0a2200301 4500 | ||
|---|---|---|---|
| 001 | RU\NLR\bibl\609130 | ||
| 005 | 20250610143751.0 | ||
| 021 |
_aRU _b2004-68982 |
||
| 035 | _a(NLR Aleph) 000601037 | ||
| 090 |
_a1771451 _c1771451 |
||
| 100 | _a20050211d2004 |||y0rusy50 ca | ||
| 101 | 0 | _arus | |
| 102 | _aRU | ||
| 105 | _aa ||||||||| | ||
| 200 | 1 |
_aМашины и аппараты химических производств _eучеб. пособие для студентов вузов _fВ.С. Калекин, В.А. Плотников _gМ-во образования и науки Рос. Федерации, Ом. гос. техн. ун-т |
|
| 210 |
_aОмск _cИзд-во ОмГТУ _d2004 |
||
| 215 |
_a343 с. _cил. _d20 |
||
| 320 | _aБиблиогр.: с. 341-343 (35 назв.) | ||
| 606 | 0 |
_aХимические заводы _jРуководства, пособия и т.п. для высшей школы _xОборудование _91230612 _3RU\NLR\auth\66183821 |
|
| 606 | 0 |
_aХимическое оборудование _jУчебные издания для высших учебных заведений _92193469 _3RU\NLR\auth\661318429 |
|
| 686 | _aЛ11-5я73-1 | ||
| 700 | 1 |
_aКалекин _bВ. С. _gВячеслав Степанович _4070 |
|
| 701 | 1 |
_aПлотников _bВ. А. _gВалерий Алексеевич _4070 |
|
| 801 | 0 |
_aRU _bNLR _c20050211 _gPSBO |
|
| 801 | 1 |
_aRU _bNLR _c20050211 |
|
| 942 | _cBOOK | ||
| 980 | _aNB | ||